000
00292nam a2200145Ia 4500
100
_a
Gates P.
650
_a
General
942
_c
BK
245
_a
Business@the speed of thought
260
_b
Pengien book
_c
1999
082
_a
920
_b
GAT
300
_a
470
546
_a
ENGLISH
999
_c
29273
_d
29273